00334nam a22001217a 4500020001800000040000900018082001500027100002200042245004800064250001700112260003500129650004800164 a9780072403091 cNust a512.5bSHO aThomas S. Shores  aApplied linear algebra and Matrix analysis  a2nd Edition  aNew York:bMcGraw-Hill,c2000. aApplied linear algebra and Matrix analysis